000
00295nam a2200121Ia 4500
005
20251222143112.0
008
251222s9999||||xx |||||||||||||| ||spa||
082
_a
980.513/T18
100
_a
Tamayo Herrera, José
245
0
_a
El Pensamiento Indigenista
264
_b
Mozaca Azul
942
_c
LIB
999
_c
11195
_d
11195